Pride and Prejudice, (Record no. 609522)

000 -LEADER
fixed length control field 00301nam a22001217a 4500
040 ## - CATALOGING SOURCE
Transcribing agency NUST
082 ## - DEWEY DECIMAL CLASSIFICATION NUMBER
Classification number 808.3
Author Mark AUS
100 ## - MAIN ENTRY--PERSONAL NAME
Personal name Austen , Jane
245 ## - TITLE STATEMENT
Title Pride and Prejudice,
260 ## - PUBLICATION, DISTRIBUTION, ETC.
Place of publication, distribution, etc. Pakistan:
Name of publisher, distributor, etc. National book foundation,
Date of publication, distribution, etc. 2007.
650 ## - SUBJECT ADDED ENTRY--TOPICAL TERM
Topical term or geographic name entry element Pride and Prejudice,
9 (RLIN) 123292
942 ## - ADDED ENTRY ELEMENTS (KOHA)
Source of classification or shelving scheme
Koha item type Book
Holdings
Withdrawn status Lost status Source of classification or shelving scheme Damaged status Not for loan Permanent Location Current Location Shelving location Date acquired Shelving control number Full call number Barcode Date last seen Price effective from Koha item type Public note Total Checkouts
          College of Electrical & Mechanical Engineering (CEME) College of Electrical & Mechanical Engineering (CEME) Fiction 06/05/2024 English Literature 808.3 AUS CEME- 42580 06/05/2024 06/05/2024 Book CART-4  
          College of Electrical & Mechanical Engineering (CEME) College of Electrical & Mechanical Engineering (CEME) Fiction 01/26/2026 English Literature 808.3 AUS CEME-42579 01/27/2026 01/26/2026 Book CART-4  
© 2023 Central Library, National University of Sciences and Technology. All Rights Reserved.